| 000 | 00957nam a2200277Ia 4500 | ||
|---|---|---|---|
| 003 | OSt | ||
| 005 | 20220923215445.0 | ||
| 006 | a|||||r|||| 00| 0 | ||
| 007 | ta | ||
| 008 | 220922b |||||||| |||| 00| 0 hin d | ||
| 024 | _a178,945 | ||
| 037 | _cTextual | ||
| 040 |
_aARTS _cARTS _bhin |
||
| 041 |
_2hin _ahin |
||
| 082 | _aO152,1M88:g, L3 | ||
| 100 |
_aप्रेमी, हरिकृष्ण _9156292 |
||
| 245 | 0 | _aमाखनलाल चतुर्वेदी | |
| 246 | _aMākhanalāl chaturvedī | ||
| 250 | _aसंस्क0 5 | ||
| 260 |
_aदिल्ली _b राजपाल एण्ड संस _c1973 |
||
| 300 |
_a115 पृ. _ccm. |
||
| 490 | _aआज के लोकप्रिय हिन्दी कवि; 4 | ||
| 650 |
_aहिन्दी साहित्य _9156264 |
||
| 942 |
_hO152,1M88:g, L3 _cTEXL _2CC |
||
| 999 |
_c332326 _d332326 |
||